All screen-appearing planets and moons in the original Star Wars saga - Statistics

General Stats
  • This quiz has been taken 4 times
  • The average score is 12 of 19
Answer Stats
Planet % Correct
Alderaan
100%
Bespin
100%
Endor
100%
Naboo
100%
Tatooine
100%
Coruscant
75%
Dagobah
75%
Hoth
75%
Kamino
75%
Yavin 4
75%
Geonosis
50%
Kashyyyk
50%
Mustafar
50%
Polis Massa
50%
Cato Neimoidia
25%
Felucia
25%
Mygeeto
25%
Saleucami
25%
Utapau
25%
No matching quizzes found
Score Distribution
Percent of People with Each Score
Percentile by Number Answered
Your Score History
You have not taken this quiz